| 000 | 00665nam a22001937a 4500 | ||
|---|---|---|---|
| 999 |
_c190606 _d190606 |
||
| 005 | 20220729124101.0 | ||
| 010 | _aENG-134095 | ||
| 020 |
_a9789381345382 _c995.00 |
||
| 035 | _aEN-117627 | ||
| 037 | _bDBAB/PUB | ||
| 082 | _a954.09 | ||
| 100 | _aDe, Debasree | ||
| 245 |
_aA History of Adivasi Women in Post-independence Eastern India: _bThe Margins of the Marginals/ _cDebasree De |
||
| 260 |
_aNew Delhi _bSage Publications India Pvt. Ltd _c2018 |
||
| 270 |
_aBI/I-1, Mohan Cooperative Industrial Area Mathura Road _bNew Delhi _e110044 |
||
| 300 |
_axliv, 293p. _bIndex _c22cm(hb) |
||
| 700 | _aDe, Debasree | ||
| 942 |
_2ddc _cEN _h954.09 _mDEB |
||